Fiber rope technical manual
Gorde:
| Egile nagusia: | |
|---|---|
| Formatua: | Liburua |
| Hizkuntza: | ingelesa |
| Argitaratua: |
Delaware Water Gap
Cordage Institute
1997
|
| Edizioa: | 2a. ed |
| Gaiak: | |
| Etiketak: |
Etiketa erantsi
Etiketarik gabe, Izan zaitez lehena erregistro honi etiketa jartzen!
|
MARC
| LEADER | 00000nam a2200000 a 4500 | ||
|---|---|---|---|
| 001 | UCL5178 | ||
| 003 | CL-VaPUC | ||
| 008 | 040305e19970000us |||||||||||||||||eng|d | ||
| 082 | 0 | 4 | |a 623.8882 |b FOS |2 21 |
| 100 | 0 | |a Foster, G. P |e author |9 482886 | |
| 245 | 1 | 0 | |a Fiber rope technical manual |
| 250 | |a 2a. ed | ||
| 300 | |a pág. irreg | ||
| 942 | |c BK | ||
| 945 | |d 20040305 00:00:00 |a cmena | ||
| 260 | |a Delaware Water Gap |b Cordage Institute |c 1997 | ||
| 650 | 0 | |a Nudos |9 325083 | |
| 650 | 7 | |a CUERDAS |2 CL-VaPUC |9 430584 | |
| 583 | |a last modification |c 20150511 04:25:55 |k Rodrigo Vera | ||
| 999 | |c 307846 |d 307844 | ||